• 首页
  • 本馆介绍
  • 公告通知
  • 最新文献
  • 馆藏检索
  • 电子资源
  • 读者导购
  • 参考咨询
  • 我的图书馆
  • 登录
  • 详细信息显示
  • 放入我的书架
  • 预约/预借图书
  • 作者相关作品
  • 分类相关作品
  • 丛书相关作品
  • 出版社相关作品

书目信息

  • 表格格式
  • 工作单格式
  • 卡片格式
书名: PRINCIPLES OF THERMODYNAMICS
作者: JAMES A.BEATTIE and IRWIN OPPENHEIM.
分册号:
分册名:
出版地: Amsterdam-Oxford-New york :
 
出版社: ELSEVIER SCIENTIFIC PUBLISHONG COMPANY
出版时间: 1979.
页数: 329 p. ;
开本: 23cm.
丛书名: STUDIES IN MODERN THERMODYNAMICS
中图分类号:
科图分类号:
其他分类号: O414:H31
主题词:
电子资源:
000 00552nam 2200169 a 4500
001 E0735018832
005 20070506094925.76
008 070506s1979 00010 eng
020    @a0-444-41806-7(VOL.2).
020    @a0-444-41762-1(Series).
040    @aPFT@beng
090    @aO414:H31
099    @dO414:H31@ex19
245 1  @aPRINCIPLES OF THERMODYNAMICS / @cJAMES A.BEATTIE and IRWIN OPPENHEIM.
260    @aAmsterdam-Oxford-New york :@bELSEVIER SCIENTIFIC PUBLISHONG COMPANY,@c1979.
300    @a329 p. ;@c23cm.
440    @aSTUDIES IN MODERN THERMODYNAMICS@n2
    
    PRINCIPLES OF THERMODYNAMICS / / JAMES A.BEATTIE and IRWIN OPPENHEIM.-Amsterdam-Oxford-New york : : ELSEVIER SCIENTIFIC PUBLISHONG COMPANY, , 1979.
    329 p. ; ; 23cm.- (STUDIES IN MODERN THERMODYNAMICS 2)
    
    
    ISBN 0-444-41806-7(VOL.2).
    
●
相关链接 在E读中查询图书 在五车中查询图书 在当当中查询图书 在豆瓣中查询图书


正题名:PRINCIPLES OF THERMODYNAMICS     索取号:O414:H31/x19         预约/预借

序号 登录号 条形码 馆藏地/架位号 状态 备注
1 62344   000451816   第二样本阅览室/ [索取号:O414:H31/x19] 在馆    
唐山师范学院图书馆 欢迎您!
大连网信软件有限公司© 版权所有